000 00678nam a2200181Ia 4500
005 20250507130351.0
008 008 250505s9999 xx 000 0 chi d
037 _aAnnuals, Advances
040 _aEASL
_beng
_cEASL
041 _achi
_2eng
084 _aY:1.49B0j19M, P6
_qEASL
100 _aWauchope Samantha Ed.
_9665378
245 0 _aCulural Diversity and Transversal Values: East-West Dialogue on Spiritual and Secular Dynamics
260 _aJapan
_bJapan International Research Center for Japanese Studies Research Center for Moral Science
_c2006
300 _avii,210p.
942 _cTEXL
_hY:1.49B0j19M, P6
999 _c1319276
_d1319276